Microsoft ADO.net : step by step (Record no. 176106)

MARC details
000 -LEADER
fixed length control field 00408nam a2200157Ia 4500
008 - FIXED-LENGTH DATA ELEMENTS--GENERAL INFORMATION
fixed length control field 231217s9999 xx 000 0 und d
041 ## - LANGUAGE CODE
Language code of text/sound track or separate title English
082 ## - DEWEY DECIMAL CLASSIFICATION NUMBER
Classification number 001.6424ADO RIO;1 R
100 ## - MAIN ENTRY--PERSONAL NAME
Personal name Riordan, Rebecca M
245 #0 - TITLE STATEMENT
Title Microsoft ADO.net : step by step
260 ## - PUBLICATION, DISTRIBUTION, ETC.
Date of publication, distribution, etc. 2002
Name of publisher, distributor, etc. PHI
Place of publication, distribution, etc. New Delhi
300 ## - PHYSICAL DESCRIPTION
Extent xii+512
300 ## - PHYSICAL DESCRIPTION
Dimensions CD2306
650 ## - SUBJECT ADDED ENTRY--TOPICAL TERM
Topical term or geographic name entry element Microsoft,ADO.net,:,step,by,step
942 ## - ADDED ENTRY ELEMENTS (KOHA)
Koha item type Books
Holdings
Date last seen Total checkouts Full call number Accession number Cost, total (INR) price Price effective from Category Lost status Damaged status Department Withdrawn status Home library Current library Shelving location Entry date Vendor Cost, normal purchase price Grants Billnumber Billdate Currency symbol Conversion rate Discount Old discount
26/01/2024   001.6424ADO RIO;1 R 37818 340.00 26/01/2024 Books     Central Library   Central Library Central Library Library Annex 12/09/2005 Book Paradise 425.00 CS 26212 28/03/2008 RS 1 85 20

© For any Suggestions or Query, please contact the library staff @ librarian@pes.edu or Phone: +9180 2672 1983/ 2108.